| 000 | 00779pam a2200289 a 4500 | ||
|---|---|---|---|
| 001 | 2941260 | ||
| 003 | OSt | ||
| 005 | 20140310181703.0 | ||
| 008 | 900508r19901958mnu j 000 1 eng | ||
| 010 | _a 90002077 | ||
| 020 | _a0886823560 | ||
| 040 |
_aDLC _cDLC _dDLC |
||
| 042 | _alcac | ||
| 050 | 0 | 0 |
_aPZ 7 _b.C161 1990 |
| 082 | 0 | 0 |
_aKF _bC15g 1990 |
| 100 | 1 |
_aCamus, Albert, _d1913-1960. _95622 |
|
| 245 | 1 | 4 |
_aThe guest / _cAlbert Camus. |
| 260 |
_aMankato, Minn. : _bCreative Education, _cc1990. |
||
| 300 |
_a32 p. ; _c23 cm. |
||
| 541 | _j1 | ||
| 562 | _e1 | ||
| 650 | 1 |
_aPrisoners _xFiction. _95623 |
|
| 651 | 1 |
_aAlgeria _xFiction. _95624 |
|
| 906 |
_a7 _bcbc _corignew _d1 _eocip _f19 _gy-gencatlg |
||
| 942 |
_2lcc _cBK-KF _kKF |
||
| 999 |
_c1252 _d1252 |
||